<?xml version="1.0" encoding="UTF-8"?>
<record
    xmlns:xsi="http://www.w3.org/2001/XMLSchema-instance"
    xsi:schemaLocation="http://www.loc.gov/MARC21/slim http://www.loc.gov/standards/marcxml/schema/MARC21slim.xsd"
    xmlns="http://www.loc.gov/MARC21/slim">

  <leader>00838nam a2200133Ia 4500</leader>
  <datafield tag="999" ind1=" " ind2=" ">
    <subfield code="c">27086</subfield>
    <subfield code="d">27086</subfield>
  </datafield>
  <datafield tag="041" ind1=" " ind2=" ">
    <subfield code="a">&#x939;&#x93F;&#x902;&#x926;&#x940;</subfield>
  </datafield>
  <datafield tag="082" ind1=" " ind2=" ">
    <subfield code="a">RS.0814</subfield>
  </datafield>
  <datafield tag="100" ind1=" " ind2=" ">
    <subfield code="a">&#x938;&#x93F;&#x902;&#x939;, &#x927;&#x930;&#x93F;&#x902;&#x926;&#x94D;&#x930;</subfield>
    <subfield code="u">&#x938;&#x93E;&#x92E;&#x93E;&#x91C;&#x93F;&#x915; &#x935;&#x93F;&#x915;&#x93E;&#x938; &#x936;&#x94B;&#x927; &#x938;&#x902;&#x938;&#x94D;&#x925;&#x93E;&#x928;</subfield>
  </datafield>
  <datafield tag="245" ind1=" " ind2="0">
    <subfield code="a">&#x915;&#x94D;&#x937;&#x947;&#x924;&#x94D;&#x930;&#x940;&#x92F; &#x935;&#x93F;&#x915;&#x93E;&#x938; &#x92E;&#x947;&#x902; &#x938;&#x93E;&#x92E;&#x92F;&#x93F;&#x915; &#x92C;&#x93E;&#x91C;&#x93E;&#x930;&#x94B;&#x902; &#x915;&#x940; &#x92D;&#x942;&#x92E;&#x93F;&#x915;&#x93E; :</subfield>
    <subfield code="b">&#x930;&#x938;&#x942;&#x932;&#x93E;&#x92C;&#x93E;&#x926; &#x935;&#x93F;&#x915;&#x93E;&#x938; &#x916;&#x902;&#x921; ( &#x91C;&#x928;&#x92A;&#x926; -&#x915;&#x93E;&#x928;&#x92A;&#x942;&#x930; &#x926;&#x947;&#x939;&#x93E;&#x924; ) &#x915;&#x947; &#x905;&#x927;&#x94D;&#x92F;&#x92F;&#x928; &#x92A;&#x930; &#x906;&#x927;&#x93E;&#x930;&#x93F;&#x924; / </subfield>
    <subfield code="c">&#x927;&#x930;&#x93F;&#x902;&#x926;&#x94D;&#x930; &#x938;&#x93F;&#x902;&#x939;</subfield>
  </datafield>
  <datafield tag="260" ind1=" " ind2=" ">
    <subfield code="a">&#x928;&#x908; &#x926;&#x93F;&#x932;&#x94D;&#x932;&#x940; :</subfield>
    <subfield code="b">&#x92D;&#x93E;&#x930;&#x924;&#x940;&#x92F; &#x938;&#x93E;&#x92E;&#x93E;&#x91C;&#x93F;&#x915; &#x935;&#x93F;&#x91C;&#x94D;&#x91E;&#x93E;&#x928;&#x902; &#x905;&#x928;&#x941;&#x938;&#x928;&#x94D;&#x927;&#x93E;&#x928; &#x92A;&#x930;&#x93F;&#x937;&#x926;,</subfield>
    <subfield code="c">2005</subfield>
  </datafield>
  <datafield tag="300" ind1=" " ind2=" ">
    <subfield code="a">xvii, 299p.</subfield>
  </datafield>
  <datafield tag="650" ind1=" " ind2=" ">
    <subfield code="a">Market Structure</subfield>
    <subfield code="a">BUSINESS &amp; ECONOMICS</subfield>
  </datafield>
  <datafield tag="942" ind1=" " ind2=" ">
    <subfield code="2">ddc</subfield>
    <subfield code="c">BK</subfield>
  </datafield>
  <datafield tag="952" ind1=" " ind2=" ">
    <subfield code="0">0</subfield>
    <subfield code="1">0</subfield>
    <subfield code="2">ddc</subfield>
    <subfield code="4">0</subfield>
    <subfield code="7">1</subfield>
    <subfield code="8">IRP</subfield>
    <subfield code="a">NASSDOC</subfield>
    <subfield code="b">NASSDOC</subfield>
    <subfield code="d">2021-11-22</subfield>
    <subfield code="e">Gifted by: RP Division ICSSR</subfield>
    <subfield code="l">0</subfield>
    <subfield code="o">RS.0814</subfield>
    <subfield code="p">51718</subfield>
    <subfield code="r">2021-12-17 00:00:00</subfield>
    <subfield code="w">2021-12-17</subfield>
    <subfield code="y">RP</subfield>
  </datafield>
</record>
